Federal Countries - Statistics

General Stats
  • This quiz has been taken 65 times
  • The average score is 15 of 27
Answer Stats
Country % Correct
United States
91%
Brazil
87%
Canada
87%
Germany
87%
Russia
87%
Mexico
85%
Argentina
83%
Australia
81%
India
81%
Switzerland
68%
Pakistan
66%
Austria
64%
Venezuela
57%
Nigeria
51%
Iraq
49%
United Arab Emirates
47%
Malaysia
43%
Belgium
42%
Ethiopia
42%
Micronesia
38%
Somalia
36%
Bosnia and Herzegovina
32%
Nepal
26%
Sudan
26%
South Sudan
21%
Saint Kitts and Nevis
19%
Comoros
17%
No matching quizzes found
Score Distribution
Percent of People with Each Score
Percentile by Number Answered
Your Score History
You have not taken this quiz